| 000 | 00474nam a22001697a 4500 | ||
|---|---|---|---|
| 003 | NUST - PNEC | ||
| 005 | 20170116181009.0 | ||
| 008 | 150913b xxu||||| |||| 00| 0 eng d | ||
| 020 | _a- | ||
| 040 | _cLIBRARY | ||
| 082 | _a621.3819551 SWA | ||
| 100 |
_910044 _aSwanson, Robert W. |
||
| 245 |
_aAn introduction to business data processing & computer programming _cRobert W. Swanson |
||
| 260 | _cc.1967 | ||
| 650 |
_910047 _aComputer Programming _xMIS |
||
| 942 |
_2ddc _cBK |
||
| 999 |
_c67020 _d67020 |
||